• 首页
  • 本馆介绍
  • 公告通知
  • 最新文献
  • 馆藏检索
  • 电子资源
  • 读者导购
  • 参考咨询
  • 我的图书馆
  • 登录
  • 详细信息显示
  • 放入我的书架
  • 预约/预借图书
  • 作者相关作品
  • 分类相关作品
  • 丛书相关作品
  • 出版社相关作品

书目信息

  • 表格格式
  • 工作单格式
  • 卡片格式
题名:
百吃不厌家常菜
    
 
作者: YOYO 著
分册:  
出版信息: 北京   中国轻工业出版社  2014
页数: 279页
开本: 24cm
丛书名: 好吃到家
单 册:
中图分类: TS97 , TS972.12
科图分类:
主题词: 家常菜肴--菜谱--Jia Chang Cai Yao , 饮食业--供应技术
电子资源:
ISBN: 978-7-5019-9855-5
000 01132nam0 2200277 450
001 1833
005 20161201144023.03
010    @a978-7-5019-9855-5@dCNY29.80
100    @a20141208d2014 em y0chiy0120 ea
101 0  @achi
102    @aCN@b110000
105    @aa z 000yy
200 1  @a百吃不厌家常菜@fYOYO著@ABai Chi Bu Yan Jia Chang Cai
210    @a北京@c中国轻工业出版社@d2014
215    @a279页@c彩图@d24cm
225 2  @a好吃到家@h第一辑@AHao Chi Dao Jia
330    @a本书是一本大众美食烹饪食谱。家庭日常厨房必备。本书共分为6个篇章:烹饪技巧篇、大鱼大肉篇、蔬菜篇、主食篇、汤粥篇、拿手小食篇,以详细的步骤图进行详解,读者可以根据自己采购到的原料,寻找适合自家口味的做法,也可以根据精美的图片,去市场采购相应的食材。每道菜品都不仅有详细的步骤图,还配有详尽的文字说明,并有精心分析的制作关键、烹制时间及操作难度。是一本家庭厨房必备书籍。
333    @a烹饪爱好者。
410  0 @12001
606 0  @a家常菜肴@x菜谱@AJia Chang Cai Yao
606 0  @a饮食业@x供应技术
690    @aTS97@v5
690    @aTS972.12@v4
701  0 @aYOYO@4著
801  0 @aCN@b大连网信软件有限公司图书馆·11@c20161201
905    @aZUCC@dTS97@e421
    
    百吃不厌家常菜/YOYO著.-北京:中国轻工业出版社,2014
    279页:彩图;24cm.-(好吃到家.第一辑)
    使用对象:烹饪爱好者。
    
    ISBN 978-7-5019-9855-5:CNY29.80
    本书是一本大众美食烹饪食谱。家庭日常厨房必备。本书共分为6个篇章:烹饪技巧篇、大鱼大肉篇、蔬菜篇、主食篇、汤粥篇、拿手小食篇,以详细的步骤图进行详解,读者可以根据自己采购到的原料,寻找适合自家口味的做法,也可以根据精美的图片,去市场采购相应的食材。每道菜品都不仅有详细的步骤图,还配有详尽的文字说明,并有精心分析的制作关键、烹制时间及操作难度。是一本家庭厨房必备书籍。
●
相关链接 在E读中查询图书 在五车中查询图书 在当当中查询图书 在豆瓣中查询图书


正题名:百吃不厌家常菜     索取号:TS97/421         预约/预借

序号 登录号 条形码 馆藏地/架位号 状态 备注
1 909661   209096618   第二样本阅览室/ [索取号:TS97/421] 在馆    
2 909662   209096627   第三借阅区/ [索取号:TS97/421] 在馆    
3 909663   209096636   第三借阅区/ [索取号:TS97/421] 在馆    
4 909664   209096645   第三借阅区/ [索取号:TS97/421] 在馆    
5 909665   209096654   第三借阅区/ [索取号:TS97/421] 在馆    
唐山师范学院图书馆 欢迎您!
大连网信软件有限公司© 版权所有